Let Me Love You Like A Woman - Lana Del Rey (lyrics) - Statistics

General Stats
  • This quiz has been taken 5 times
  • The average score is 279 of 319
Answer Stats
Answer % Correct
a
100%
And
100%
and
100%
(And
100%
baby
100%
baby)
100%
Baby,
100%
be
100%
do
100%
do,
100%
from
100%
hold
100%
I
100%
L.A.
100%
let
100%
Let
100%
(Let
100%
like
100%
love
100%
me
100%
see
100%
to
100%
want
100%
who
100%
woman
100%
you ?
100%
you
100%
bittersweet
80%
'bout
80%
'cause
80%
come
80%
come)
80%
diamond
80%
don't
80%
Don't
80%
how
80%
if
80%
I'm
80%
in
80%
it
80%
leave
80%
make
80%
meant
80%
mention
80%
need
80%
on
80%
only
80%
ready
80%
shine
80%
small
80%
so
80%
the
80%
town,
80%
town
80%
will
80%
about
60%
any
60%
as
60%
can't
60%
care
60%
Eighty
60%
fun,
60%
get
60%
good
60%
having
60%
It's
60%
just
60%
long
60%
manage
60%
miles
60%
myself
60%
North
60%
or
60%
poems
60%
songs
60%
South
60%
stay
60%
Take
60%
Talk
60%
We
60%
where
60%
with
60%
you're
60%
away
40%
champagne
40%
could
40%
count
40%
days
40%
far
40%
guess
40%
high
40%
infinity
40%
lost
40%
old
40%
pink
40%
purple
40%
rain
40%
some
40%
ways
40%
No matching quizzes found
Score Distribution
Percent of People with Each Score
Percentile by Number Answered
Your Score History
You have not taken this quiz